000 00802nam a2200241Ia 4500
003 GCL
008 140319s9999 xx 000 0 ara d
040 _aGCL /
_cGCL
082 0 4 _a621.38
_bا ت
100 1 _aامين فهمى
245 1 0 _aكتابك العلمى فى تكنولوجيا التسجيل والمسجلات /
_cامين فهمى
260 _a[S.N] :
_bدار الراتب الجامعية
300 _a239 ص
490 _aموسوعة عالم الالكترونيات
_v0
650 0 4 _aالاجهزة الصوتية
650 0 4 _aالالكترونات
650 0 4 _aاجهزة الامان
650 0 4 _aالكاسيت
650 0 4 _aالتسجيلات الصوتية
650 0 4 _aاشرطة التسجيل
650 0 4 _aاجهزة التسجيل
942 _2ddc
_cBK
999 _c52000
_d52000